| 000 | 01435nam0a22002891i 4500 | ||
|---|---|---|---|
| 001 | rc\1043994 | ||
| 005 | 20240921164936.0 | ||
| 035 | _a(NLR Aleph) 006206354 | ||
| 090 |
_a6321298 _c6321298 |
||
| 100 | _a20041129d1981 u |0rusy50 ca | ||
| 101 | 0 | _arus | |
| 102 | _aRU | ||
| 105 | _aa ||||||||| | ||
| 200 | 1 |
_aКоллекция овощных и бахчевых культур как исходный материал для селекции _dThe collection of vegetables and cucurbits as initial material for breeding _e[Сб. статей _fОтв. ред. акад. ВАСХНИЛ Д.Д. Брежнев, к. с.-х. н. М.М. Гиренко] |
|
| 210 |
_aЛ. _cВИР _d1981 |
||
| 215 |
_a142 с. _cил. _d26 |
||
| 225 | 1 |
_aТруды по прикладной ботанике, генетике и селекции _fВАСХНИЛ, ВНИИ растениеводства им. Н.И. Вавилова _vТ. 69, вып. 2 |
|
| 300 | _aРез. на англ. яз. | ||
| 320 | _aБиблиогр. в конце статей | ||
| 320 | _aНа обл. только загл. сер. | ||
| 510 | 0 | _aThe collection of vegetables and cucurbits as initial material for breeding | |
| 702 | 1 |
_4340 _7ca _8rus _aБрежнев _bД. Д. _f1905-1982 _gДмитрий Данилович _9246030 _3RU\NLR\AUTH\770246086 |
|
| 801 | 0 |
_aRU _bNLR _gpsbo |
|
| 801 | 1 |
_aRU _bELAR _2rusmarc |
|
| 852 |
_aNLR _jП7/397 |
||
| 942 | _cBOOK | ||